Datum a čas kvízu
26.5
Celkem bodů
Celkový počet nahraných bodů na tomto kvízu bez doplňovacích otázek.
4.
Pořadí na kvízu
Konečné umístění týmu na tomto kvízu.
Zaznamenané odpovědi
| # | Otázka | Odpověď | Body | Výsledky |
|---|---|---|---|---|
| 1. | Opravdu kuriózní střet se odeh... | 1 | ||
| 2. | Spor mezi Makedonií a Řeckem o... | 0 | ||
| 3. | O tom, že v Praze vystoupí leg... | 0.5 | ||
| 4. | Česká národní banka rozhodla o... | 0 | ||
| 5. | Jak se jmenuje zpěvák, jenž by... | 1 | ||
| 6. | My Češi jsme specialisté na př... | 1 | ||
| 7. | Jakou vžitou přezdívku mělo vo... | 1 | ||
| 8. | Jakou ptačí přezdívku dostal v... | 1 | ||
| 9. | V roce 1976 začala firma Merce... | 1 | ||
| 10. | Sovětský automobil vyšší střed... | 1 |